| 000 | 00453nam a2200169 i 4500 | ||
|---|---|---|---|
| 001 | 88104 | ||
| 003 | ES-MaACL | ||
| 005 | 20230906175813.0 | ||
| 007 | t| | ||
| 008 | 050103s1977 sp ||||1| spa d | ||
| 100 | 1 |
_aLafourcade, Agustín. _969521 |
|
| 245 | 1 | 0 |
_aPsicología fundamental / _cAgustín Lafourcade. |
| 250 | _a[2ª ed.]. | ||
| 260 |
_a[Madrid] : _bDoncel, _c[1977] |
||
| 300 |
_a190 p. ; _c18 cm. |
||
| 852 |
_aES-MaACL _jA-10994 _bR.102011 |
||
| 999 |
_c88104 _d88104 |
||